Jugadores de la Selección Francesa Por Fotos - Eurocopa 2024 - Estadísticas

Estadísticas generales
  • Esta prueba ha sido intentada 66 veces
  • La puntuación promedio es 19 de 25
Estadísticas de respuestas
Imagen Respuesta % Correcto
Antoine Griezmann
98%
Adrien Rabiot
97%
Eduardo Camavinga
97%
Jules Koundé
97%
Kylian Mbappé
97%
Benjamin Pavard
93%
Ousmane Dembélé
93%
Aurélien Tchouaméni
92%
Ferland Mendy
92%
N'Golo Kanté
92%
Olivier Giroud
92%
Theo Hernández
90%
Mike Maignan
83%
Kingsley Coman
81%
Dayot Upamecano
78%
William Saliba
76%
Bradley Barcola
75%
Alphonse Areola
73%
Randal Kolo Muani
71%
Marcus Thuram
64%
Warren Zaïre-Emery
61%
Ibrahima Konaté
56%
Jonathan Clauss
39%
Brice Samba
34%
Youssouf Fofana
22%
No se encontraron pruebas coincidentes
Distribución de puntuación
Porcentaje de gente con cada puntuación
Porcentaje por número respondido
Historial de tus puntuaciones
No has intentado esta prueba.